|
|
|
|
| LEADER |
00000njm a2200000 a 4500 |
| 001 |
vtls010186694 |
| 003 |
SK-MaSNL |
| 005 |
20260302081809.0 |
| 007 |
sd fsngnnmmned |
| 008 |
101108s2010 hu uu u s u slo |
| 015 |
|
|
|a SNBZSJ2011-00011
|
| 040 |
|
|
|a SNK
|b slo
|c SNK
|e AACR2
|
| 041 |
0 |
|
|a slo
|
| 044 |
|
|
|a hu
|c HU
|
| 048 |
|
|
|a ca01
|a kb01
|
| 072 |
|
7 |
|a 783
|x Cirkevná hudba. Duchovná hudba. Náboženská hudba
|2 konspekt
|
| 072 |
|
7 |
|a 784
|x Vokálna hudba
|2 konspekt
|
| 080 |
|
|
|a 783.27.087.684:786.6.087.4
|2 2001
|
| 080 |
|
|
|a 786.6.087.4
|2 2001
|
| 080 |
|
|
|a (086.76)
|2 2001
|
| 080 |
|
|
|a 784
|2 2001
|
| 080 |
|
|
|a 78.087.6(=162.4)(439)
|2 2001
|
| 084 |
|
|
|a 2.2.1
|2 snlmc
|
| 245 |
0 |
0 |
|a Po stopách Juraja Tranovského
|h zvukový dokument
|c [zostavili: Peter Aradi a Tibor Mótyán]
|
| 260 |
|
|
|a Sarvaš
|b Folklórna verejná nadácia
|c [2010]
|
| 300 |
|
|
|a 1 zvuková platňa (48:00)
|b digital, stereo
|c 12 cm
|
| 500 |
|
|
|a Kompaktná platňa (CD)
|
| 500 |
|
|
|a Vydala: Folklórna verejná nadácia v Sarvaši. Vydanie podporil Úrad pre Slovákov žijúcich v zahraničí a Vydavateľstvo Croatica
|
| 505 |
0 |
|
|a Předzpěv -- Tr. 832. -- Chvaltež Boha našeho -- Žalm VIII. -- Kyrie Tr. 296. -- Známe to, Pane Bože náš -- Sláva Glória -- Pozdrav --Kolekta -- Tr. 584. -- Pán Bůh jest má sila- -- Pozdrav -- Evanjelium (Lukáš 17:11-19.) -- Credo Tr. 309.-- Věřmež v Boha Jednoho -- Salutácia - Otčenáš -- Slová ustanovenia -- Tr. 336.-- Prišli jsme, ó Ježiši -- Antifóna -- Tr. 869. -- Kde si můj přemilý -- Áronovské požehnanie -- Tr. 445. -- Hrad přepevný
|
| 511 |
0 |
|
|a Spev: Tibor Mótyán, Peter Ondrej Aradi, Edita Častvanová Vassová, Zlatica Líšková, Zuzana Nemčoková, Anikó Kita, Zuzana Sváková, Krisztina Dunai ; organ: Erika Csonka, Csaba Alföldi
|
| 518 |
|
|
|a Nahraté: V Song-Song Stúdió, Békešská Čaba
|
| 600 |
1 |
7 |
|a Tranovský, Juraj,
|d 1592-1637
|t Cithara sanctorum
|2 snkph
|9 112158
|
| 610 |
2 |
7 |
|a Evanjelická cirkev a.v.
|2 SNKKA
|9 32425
|
| 650 |
0 |
7 |
|a evanjelické piesne
|2 SNKPH
|9 66584
|
| 650 |
0 |
7 |
|a liturgia
|2 SNKPH
|9 1990
|
| 650 |
0 |
7 |
|a duchovné piesne
|2 SNKPH
|9 1928
|
| 650 |
0 |
7 |
|a žalmy
|2 SNKPH
|9 1744
|
| 650 |
0 |
7 |
|a Slováci
|z Sarvaš (Maďarsko)
|2 snkph
|9 325030
|
| 655 |
|
7 |
|a kompaktné platne
|2 SNKPH
|9 70690
|
| 700 |
1 |
|
|a Aradi, Péter
|4 com
|9 747784
|
| 700 |
1 |
|
|a Mótyán, Tibor
|4 com
|9 325031
|
| 958 |
|
|
|a ZS
|
| 958 |
|
|
|a HU
|
| 958 |
|
|
|a NM
|
| 999 |
|
|
|c 1177869
|d 1179799
|
| 952 |
|
|
|a SNK
|b SNK
|y PREZ
|7 0
|p 17A0678281
|o snkSCD 2455
|i snk2010/24404
|8 1
|0 0
|1 0
|4 0
|d 2010-11-08
|l 0
|r 2026-02-24 21:27:59
|w 2026-02-24
|